|
|
|
|
| LEADER |
01002nam a2200277 a 4500 |
| 001 |
11987944 |
| 008 |
110802s1999 njua 001 0 eng d |
| 010 |
|
|
|a 00687885
|
| 020 |
|
|
|a 013011054X
|
| 040 |
|
|
|a DLC
|c DLC
|d DLC
|c BD-DhAAL
|
| 082 |
0 |
0 |
|a 005.369
|2 21
|
| 100 |
1 |
|
|a Ericksen, Linda.
|
| 245 |
1 |
0 |
|a Quick simple Microsoft Office 2000 /
|c Linda Eriksen.
|
| 260 |
|
|
|a Upper Saddle River, N.J. :
|b Prentice Hall,
|c c1999.
|
| 300 |
|
|
|a xx, 1 v. (various paging) :
|b col. ill. ;
|c 28 cm.
|
| 500 |
|
|
|a Includes index.
|
| 541 |
1 |
|
|e 0009908
|
| 630 |
0 |
0 |
|a Microsoft Office.
|
| 630 |
0 |
0 |
|a Microsoft Word.
|
| 630 |
0 |
0 |
|a Microsoft Excel (Computer file)
|
| 630 |
0 |
0 |
|a Microsoft Access.
|
| 630 |
0 |
0 |
|a Microsoft PowerPoint (Computer file)
|
| 650 |
|
0 |
|a Business
|x Computer programs.
|
| 852 |
4 |
|
|a Ayesha Abed Library
|c General shelf
|
| 999 |
|
|
|c 11172
|d 11172
|
| 952 |
|
|
|0 0
|1 0
|4 0
|6 005_369000000000000_ERI
|7 0
|9 17757
|a BRACUL
|b BRACUL
|c GEN
|d 2011-08-03
|l 0
|o 005.369 ERI
|p 3010009908
|r 2011-08-03
|t 1
|w 2011-08-03
|y BK
|x Available
|